000
00276 a2200109 4500
001
64692
082
_a
519.4 SCH
090
_c
38275
_d
38275
100
_a
Scheid, Franicis
245
_a
Theory and problems of numericasl analysis
260
_a
N.Y
_b
Schaum's Series McGraw Hill
942
_a
NUST-CAE
_k
519.4 SCH
999
_c
299765
_d
299765